|
|
|
|
| LEADER |
00000cam a2200000 a 4500 |
| 001 |
vtls001381016 |
| 003 |
SK-MaSNL |
| 005 |
20260301161358.0 |
| 008 |
220509s1999 xo al frn 10000 slo |
| 015 |
|
|
|a SNBA2000/04-01188
|
| 020 |
|
|
|a 8022314242
|
| 035 |
|
|
|a SNK000335021
|
| 035 |
|
|
|a urn:nbn:sk:snk-am3izs9
|
| 035 |
|
|
|a 206AC3F4-5FA7-4F5C-A9DF-FE6028FED112
|
| 035 |
|
|
|a urn:nbn:sk:snk-am00gmpp
|
| 040 |
|
|
|a SNK
|b slo
|c SNK
|e AACR2
|
| 041 |
0 |
|
|a slo
|a cze
|b eng
|
| 044 |
|
|
|a xo
|c SK
|
| 072 |
|
7 |
|a 796
|x Šport. Hry. Telesné cvičenia
|2 konspekt
|
| 080 |
|
|
|a 796.41:371.3(082)
|2 1981
|
| 080 |
|
|
|a 371.3:796.41(082)
|2 1981
|
| 080 |
|
|
|a 796.41
|2 2011
|
| 080 |
|
|
|a 796.012.1
|2 2011
|
| 080 |
|
|
|a (062.534)
|2 2011
|
| 111 |
2 |
|
|a Motorické učenie v gymnastických športoch
|n (3. :
|d 1998)
|4 aut
|9 524311
|
| 245 |
1 |
0 |
|a Motorické učenie v gymnastických športoch
|b zborník z 3. vedeckej konferencie KGTÚ 26.6.1998
|c [zostavovateľ: Gabriel Varga]
|
| 260 |
|
|
|a Bratislava
|b Univerzita Komenského
|c 1999
|
| 300 |
|
|
|a 171 strán
|b ilustrácie, schémy, tabuľky
|c 21 cm
|
| 500 |
|
|
|a Údaj o zostavovateľovi prevzatý z rubu tiulnej strany
|
| 504 |
|
|
|a Obsahuje bibliografické odkazy
|
| 546 |
|
|
|a Anglické resumé. Čiastočný text v češtine
|
| 650 |
0 |
7 |
|a športová gymnastika
|2 SNKPH
|9 769
|
| 650 |
0 |
7 |
|a motorické schopnosti
|2 SNKPH
|9 3304
|
| 655 |
|
7 |
|a zborníky konferencií
|2 SNKPH
|9 70153
|
| 700 |
1 |
|
|a Varga, Gabriel
|4 com
|9 7037
|
| 919 |
|
|
|a 80-223-1424-2
|
| 958 |
|
|
|a ART
|
| 958 |
|
|
|a TL
|
| 958 |
|
|
|a NB
|
| 999 |
|
|
|c 809207
|d 811137
|
| 952 |
|
|
|t P60, <09>, [BOOK], {629}
|a SNK
|b SNK
|y NEVYP
|7 0
|o snkC 39
|i snk55/20000119
|0 0
|1 0
|4 0
|d 2000-01-18
|l 0
|r 2005-01-02 00:00:00
|w 2026-02-24
|
| 952 |
|
|
|t P60, <03>, [BOOK], {603}
|a SNK
|b SNK
|y PREZ
|7 0
|p 17A0224634
|o snkSC 100569
|i snkKSP 692/2000
|0 0
|1 0
|4 0
|d 2000-01-18
|l 0
|r 2025-09-19 00:00:00
|w 2026-02-24
|
| 952 |
|
|
|t P60, <04>, [BOOK], {604}
|a SNK
|b SNK
|y VYP
|7 0
|p 17A0224635
|o snkSC 100569 D1
|i snkKSP 693/2000
|0 0
|1 0
|4 0
|d 2000-01-18
|l 0
|r 2005-01-02 00:00:00
|w 2026-02-24
|